PDC Player's Championship Darts Winners 2024 - Statistics

General Stats
  • This quiz has been taken 34 times
  • The average score is 10 of 17
Answer Stats
Event Player % Correct
PC 1 Luke Littler
100%
PC 15 Luke Littler
100%
PC 2 Gary Anderson
73%
PC 9 Michael Smith
73%
PC 13 Ross Smith
73%
PC 7 Chris Dobey
65%
PC 14 Jonny Clayton
65%
PC 6 Dave Chisnall
62%
PC 3 Ryan Searle
62%
PC 4 Damon Heta
58%
PC 5 Raymond van Barneveld
50%
PC 16 Mike de Decker
46%
PC 12 Dimitri van den Bergh
42%
PC 17 Josh Rock
42%
PC 11 Alan Soutar
35%
PC 10 Brendan Dolan
35%
PC 8 Danny Noppert
35%
No matching quizzes found
Score Distribution
Percent of People with Each Score
Percentile by Number Answered
Your Score History
You have not taken this quiz